Detalles MARC
| 000 -LEADER |
| fixed length control field |
01887nam a2200505Ii 4500 |
| 001 - CONTROL NUMBER |
| control field |
DIGSIRLA0283 |
| 003 - CONTROL NUMBER IDENTIFIER |
| control field |
NyNyDIG |
| 008 - FIXED-LENGTH DATA ELEMENTS--GENERAL INFORMATION |
| fixed length control field |
160401t20132013sp o 000 f spa d |
| 006 - FIXED-LENGTH DATA ELEMENTS--ADDITIONAL MATERIAL CHARACTERISTICS |
| fixed length control field |
m o d |
| 007 - PHYSICAL DESCRIPTION FIXED FIELD--GENERAL INFORMATION |
| fixed length control field |
cr ||||||||||| |
| 035 ## - SYSTEM CONTROL NUMBER |
| System control number |
(OCoLC)945876690 |
| 040 ## - CATALOGING SOURCE |
| Original cataloging agency |
DGITA |
| Language of cataloging |
eng |
| Description conventions |
rda |
| -- |
pn |
| Transcribing agency |
DGITA |
| 020 ## - INTERNATIONAL STANDARD BOOK NUMBER |
| International Standard Book Number |
9788415803638 |
| Qualifying information |
(eBook ; |
| -- |
ePub) |
| 020 ## - INTERNATIONAL STANDARD BOOK NUMBER |
| International Standard Book Number |
841580363X |
| Qualifying information |
(eBook ; |
| -- |
ePub) |
| 020 ## - INTERNATIONAL STANDARD BOOK NUMBER |
| International Standard Book Number |
9788415803645 |
| Qualifying information |
(eBook ; |
| -- |
Kindle) |
| 020 ## - INTERNATIONAL STANDARD BOOK NUMBER |
| International Standard Book Number |
8415803648 |
| Qualifying information |
(eBook ; |
| -- |
Kindle) |
| 020 ## - INTERNATIONAL STANDARD BOOK NUMBER |
| Canceled/invalid ISBN |
9788498413014 |
| 020 ## - INTERNATIONAL STANDARD BOOK NUMBER |
| Canceled/invalid ISBN |
849841301X |
| 050 14 - LIBRARY OF CONGRESS CALL NUMBER |
| Classification number |
PQ6656.E785 eBook |
| 082 04 - DEWEY DECIMAL CLASSIFICATION NUMBER |
| Classification number |
863.64 |
| Edition number |
23 |
| 100 1# - MAIN ENTRY--PERSONAL NAME |
| Personal name |
Ferrero, Jesús, |
| Dates associated with a name |
1952- |
| Relator term |
author. |
| 245 13 - TITLE STATEMENT |
| Title |
El beso de la sirena negra / |
| Statement of responsibility, etc. |
Jesús Ferrero. |
| 250 ## - EDITION STATEMENT |
| Edition statement |
Edición en formato digital. |
| 264 #1 - PRODUCTION, PUBLICATION, DISTRIBUTION, MANUFACTURE, AND COPYRIGHT NOTICE |
| Place of production, publication, distribution, manufacture |
Madrid : |
| Name of producer, publisher, distributor, manufacturer |
Siruela, |
| Date of production, publication, distribution, manufacture, or copyright notice |
abril de 2013. |
| 264 #4 - PRODUCTION, PUBLICATION, DISTRIBUTION, MANUFACTURE, AND COPYRIGHT NOTICE |
| Date of production, publication, distribution, manufacture, or copyright notice |
©2013 |
| 300 ## - PHYSICAL DESCRIPTION |
| Extent |
1 online resource. |
| 336 ## - CONTENT TYPE |
| Content type term |
text |
| Content type code |
txt |
| Source |
rdacontent |
| 337 ## - MEDIA TYPE |
| Media type term |
computer |
| Media type code |
c |
| Source |
rdamedia |
| 338 ## - CARRIER TYPE |
| Carrier type term |
online resource |
| Carrier type code |
cr |
| Source |
rdacarrier |
| 490 1# - SERIES STATEMENT |
| Series statement |
Nuevos tiempos/Policiaca ; |
| Volume/sequential designation |
145 |
| 588 0# - SOURCE OF DESCRIPTION NOTE |
| Source of description note |
Online resource; title from ePub title page (Digitalia, viewed April 1, 2016) |
| 650 #0 - SUBJECT ADDED ENTRY--TOPICAL TERM |
| Topical term or geographic name entry element |
Women detectives |
| Form subdivision |
Fiction. |
| 650 #0 - SUBJECT ADDED ENTRY--TOPICAL TERM |
| Topical term or geographic name entry element |
Missing persons |
| General subdivision |
Investigation |
| Form subdivision |
Fiction. |
| 651 #0 - SUBJECT ADDED ENTRY--GEOGRAPHIC NAME |
| Geographic name |
Paris (France) |
| Form subdivision |
Fiction. |
| 655 #7 - INDEX TERM--GENRE/FORM |
| Genre/form data or focus term |
Detective and mystery fiction. |
| Source of term |
lcgft |
| 655 #0 - INDEX TERM--GENRE/FORM |
| Genre/form data or focus term |
Electronic books. |
| 791 2# - |
| -- |
Digitalia (Firm), |
| -- |
distributor. |
| 793 0# - |
| -- |
Digitalia eBook Collection: |
| -- |
Siruela |
| 776 08 - ADDITIONAL PHYSICAL FORM ENTRY |
| Relationship information |
Print version: |
| Main entry heading |
Ferrero, Jesús, 1952- |
| Title |
Beso de la sirena negra |
| Place, publisher, and date of publication |
Madrid : Ediciones Siruela, ©2009. |
| International Standard Book Number |
9788498413014 |
| Record control number |
(DLC) 2009501822 |
| -- |
(OCoLC)320315468 |
| 830 #0 - SERIES ADDED ENTRY--UNIFORM TITLE |
| Uniform title |
Nuevos tiempos (Madrid, Spain) ; |
| Volume/sequential designation |
145. |
| 830 #0 - SERIES ADDED ENTRY--UNIFORM TITLE |
| Uniform title |
Nuevos tiempos (Madrid, Spain). |
| Name of part/section of a work |
Serie policiaca. |
| 856 40 - ELECTRONIC LOCATION AND ACCESS |
| Materials specified |
Digitalia Hispánica |
| Uniform Resource Identifier |
<a href="https://www.digitaliapublishing.com/a/31907">https://www.digitaliapublishing.com/a/31907</a> |
| 910 ## - USER-OPTION DATA (OCLC) |
| User-option data |
Premium Collection: 2016 |
| 942 ## - ADDED ENTRY ELEMENTS (KOHA) |
| Koha item type |
Recurso Electrónico |